[Event "Box Hill op"]
[Site "Box Hill"]
[Date "2001.10.19"]
[Round "7.13"]
[White "Waller, Antony"]
[Black "Gombik, Louis"]
[Result "1-0"]
[WhiteElo "1766"]
[BlackElo "1406"]
[PlyCount "73"]
[EventDate "2001.09.??"]
[EventType "swiss"]
[EventRounds "7"]
[EventCountry "AUS"]
[SourceTitle "EXT 2003"]
[Source "ChessBase"]
[SourceDate "2002.11.25"]
[SourceVersion "1"]
[SourceVersionDate "2002.11.25"]
[SourceQuality "1"]

1. d4 Nf6 2. Nf3 d6 3. c4 g6 4. Nc3 Bg7 5. e4 Nbd7 6. Be2 c5 7. d5 0-0 8. 0-0 Ne8 9. Be3 h6 10. Qd2 Kh7 11. Ne1 e5 12. Nd3 Nb6 13. b3 a6 14. Na4 Nd7 15. b4 b6 16. Rab1 Qc7 17. Rfc1 Nef6 18. f3 Nh5 19. Rb3 Nf4 20. Nxf4 exf4 21. Bxf4 f5 22. bxc5 bxc5 23. Rcb1 a5 24. Nb6 fxe4 25. Nxa8 Bd4+ 26. Be3 Bxe3+ 27. Qxe3 Qa7 28. Nb6 Nxb6 29. Rxb6 Qe7 30. fxe4 Qe5 31. Rb8 Re8 32. Bd3 g5 33. Rf1 Kg7 34. Qf2 Qe7 35. Bc2 Rf8 36. Qxf8+ Qxf8 37. Rxf8 1-0

[Event "Box Hill op"]
[Site "Box Hill"]
[Date "2001.09.07"]
[Round "1.23"]
[White "Nincevic, Anton"]
[Black "Gombik, Louis"]
[Result "1-0"]
[WhiteElo "1429"]
[BlackElo "1406"]
[PlyCount "60"]
[EventDate "2001.09.??"]
[EventType "swiss"]
[EventRounds "7"]
[EventCountry "AUS"]
[SourceTitle "EXT 2003"]
[Source "ChessBase"]
[SourceDate "2002.11.25"]
[SourceVersion "1"]
[SourceVersionDate "2002.11.25"]
[SourceQuality "1"]

1. e4 c5 2. Nc3 d6 3. Bc4 e6 4. Nf3 Be7 5. d4 cxd4 6. Nxd4 a6 7. 0-0 Nc6 8. a3 Bf6 9. Nce2 Nh6 10. c3 b5 11. Ba2 Bb7 12. Qc2 Ne5 13. f3 Qb6 14. Kh1 Nc4 15. Qd3 Rc8 16. Bxc4 bxc4 17. Qe3 Qc7 18. Qf2 Qe7 19. Qe1 0-0 20. Be3 g6 21. Qd2 Qc7 22. Rae1 Be7 23. Bg5 f6 24. Bxh6 Rf7 25. Be3 f5 26. exf5 Rxf5 27. Ng3 Rf7 28. Bg5 Bf8 29. Bh6 Be7 30. Bg5 Bxg5 1-0